THE SECRETS OF DROON (Record no. 6107)
[ view plain ]
| 000 -LEADER | |
|---|---|
| fixed length control field | 00582nam a22001457a 4500 |
| 020 ## - INTERNATIONAL STANDARD BOOK NUMBER | |
| ISBN | 978-0-590-10843-0 |
| 082 ## - DEWEY DECIMAL CLASSIFICATION NUMBER | |
| Classification number | 823 |
| Item number | ABB/S |
| 100 ## - MAIN ENTRY--AUTHOR NAME | |
| Personal name | ABBOTT, TONY |
| 245 ## - TITLE STATEMENT | |
| Title | THE SECRETS OF DROON |
| Remainder of title | THE GREA ICE BATTLE |
| 260 ## - PUBLICATION, DISTRIBUTION, ETC. (IMPRINT) | |
| Place of publication | NEW YORK |
| Name of publisher | SCHOLASTIC |
| Year of publication | 2018 |
| 300 ## - PHYSICAL DESCRIPTION | |
| Number of Pages | 87 |
| 520 ## - SUMMARY, ETC. | |
| Summary, etc | Brrr! Jaffa City is under a spell of ice and snow. Even Galen the wizard is frozen solid! Eric, Julie, Neal, and Princess Keeah have to figure out a way to break Lord Sparr's curse. But they better hurry or they might get frozen, too. |
| 650 ## - SUBJECT ADDED ENTRY--TOPICAL TERM | |
| Topical Term | ADVENTURE STORIES |
| Geographic subdivision | UNITED STATES |
| 942 ## - ADDED ENTRY ELEMENTS (KOHA) | |
| Koha item type | Books |
| Withdrawn status | Lost status | Collection code | Home library | Current library | Shelving location | Date acquired | Source of acquisition | Cost, normal purchase price | Full call number | Accession Number | Koha item type |
|---|---|---|---|---|---|---|---|---|---|---|---|
| Fiction | Main Library | Main Library | SHELF 15 H-HARRY POTTER(CHARACTERISATION),WIMPY KID,DORK DIARIES | 28/11/2019 | purchase | 175.00 | 823 ABB/S | 12072 | Books |